| 000 | 00899nam a22002177a 4500 | ||
|---|---|---|---|
| 005 | 20241127115337.0 | ||
| 010 | _aHIN-128827 | ||
| 020 |
_c240.00 _a9788196477585 |
||
| 035 | _aHN-101173 | ||
| 037 | _bDBAD | ||
| 082 | _aक | ||
| 100 |
_aअग्रवाल,बबीता _974107 |
||
| 245 |
_aबढ़ते कदम: _bविकास की पहली सीढ़ी/ _cबबीता अग्रवाल |
||
| 250 | _aप्रथम | ||
| 260 |
_aUttarpradesh _bGenic Books Publishers Pvt.Ltd. _c2023 |
||
| 270 |
_a22 Maruti City Extention, Shamshabad Road, Agra _bAgra _e282001 _k9557613322 _k9058586680 _mgenicpublication@gmail.com |
||
| 300 |
_a101पृ. _c22 सेमी (अजिल्द) |
||
| 650 |
_aप्रेरणादायक कहानियों का संग्रह _974108 |
||
| 700 | _966429 | ||
| 942 |
_2ddc _cHN _hक _mअग्रवा |
||
| 999 |
_c207048 _d207048 |
||